Normal view
MARC view
Entry Personal Name
001 - CONTROL NUMBER
- control field: 327071
003 - CONTROL NUMBER IDENTIFIER
- control field: OSt
005 - DATE AND TIME OF LATEST TRANSACTION
- control field: 20220926021856.0
008 - FIXED-LENGTH DATA ELEMENTS
- fixed length control field: 220926|| aca||aabn | a|a d
040 ## - CATALOGING SOURCE
- Original cataloging agency: OSt
- Transcribing agency: OSt
100 ## - HEADING--PERSONAL NAME
- Personal name: UNITED NATIONS, GENERAL ASSEMBLY,. OFFICIAL RECORDS : TWENTY NINTH SESSION
670 ## - SOURCE DATA FOUND
- Source citation: Work cat.: (OSt)637899: UNITED NATIONS, GENERAL ASSEMBLY,. OFFICIAL RECORDS : TWENTY NINTH SESSION 327070, Financial report and accounts for year ended 31Dec 1973 and report of the board of anditors, 1974
